Spanish Verbs #19 - 1st pers. sing. fut. - Statistics

General Stats
  • This quiz has been taken 17 times
  • The average score is 45 of 50
Answer Stats
Infinitive Fut. yo % Correct
agradecer agradeceré
100%
almorzar almorzaré
100%
caer caeré
100%
cerrar cerraré
100%
comer comeré
100%
conducir conduciré
100%
conocer conoceré
100%
contar contaré
100%
crecer creceré
100%
dar daré
100%
dirigir dirigiré
100%
dormir dormiré
100%
elegir elegiré
100%
empezar empezaré
100%
encontrar encontraré
100%
entender entenderé
100%
estar estaré
100%
hablar hablaré
100%
ir iré
100%
jugar jugaré
100%
morir moriré
100%
oír oiré
100%
pedir pediré
100%
pensar pensaré
100%
perder perderé
100%
preferir preferiré
100%
proteger protegeré
100%
querer querré
100%
recoger recogeré
100%
reír reiré
100%
repetir repetiré
100%
seguir seguiré
100%
sentir sentiré
100%
ser seré
100%
servir serviré
100%
traducir traduciré
100%
traer traeré
100%
ver veré
100%
vivir viviré
100%
volver volveré
100%
haber habré
50%
hacer haré
50%
poder podré
50%
poner pondré
50%
saber sabré
50%
salir saldré
50%
tener tendré
50%
valer valdré
50%
venir vendré
50%
decir diré
17%
No matching quizzes found
Score Distribution
Percent of People with Each Score
Percentile by Number Answered
Your Score History
You have not taken this quiz